000 00636nam a2200193 a 4500
005 20140310183314.0
008 051011s19uu xx 00 eng d
020 _a1412904285
050 _aLC 3993.9
_b.Id53 2004
245 _aIdentification of students for gifted and talented programs /
_cJoseph S. Renzulli, editor.
260 _aCalifornia :
_bCorwin Press,
_c2004.
300 _axxxiv, 149 p. :
_c25 cm.
521 _aEDU
650 _aGifted children
_xEducation
_xUnited States.
650 _aGifted children
_xUnited States
_xIdentification.
700 _aRenzulli, Joseph S. , ed.
942 _cBK
_2lcc
_kFOR
999 _c21243
_d21243